Diseño de sistema de calentadores de GLP para mejorar la eficiencia energética de calentamiento de agua, (Registro nro. 2533)
[ vista simple ]
| 000 -LEADER | |
|---|---|
| campo de control de longitud fija | 02099nam a22003497a 4500 |
| 001 - NÚMERO DE CONTROL | |
| campo de control | 42835 |
| 003 - IDENTIFICADOR DE NÚMERO DE CONTROL | |
| campo de control | gtgccic |
| 005 - FECHA Y HORA DE LA ÚLTIMA TRANSACCIÓN | |
| campo de control | 20251114154250.0 |
| 007 - CAMPO FIJO DE DESCRIPCIÓN FÍSICA--INFORMACIÓN GENERAL | |
| campo de control de longitud fija | ta |
| 008 - DATOS DE LONGITUD FIJA--INFORMACIÓN GENERAL | |
| campo de control de longitud fija | 251114b gt ||||| |||| 00| 0 spa d |
| 040 ## - FUENTE DE CATALOGACIÓN | |
| Centro catalogador/agencia de origen | gtgccic |
| Lengua de catalogación | spa |
| Centro/agencia transcriptor | gtgccic |
| Normas de descripción | rda |
| 084 ## - OTRO NÚMERO DE CLASIFICACIÓN | |
| Número de control del registro de autoridad o número normalizado | TPI-17-0119 |
| 100 10 - ENTRADA PRINCIPAL--NOMBRE DE PERSONA | |
| Nombre de persona | Sergio Andrés Ordóñez Villatoro |
| Fechas asociadas al nombre | Ingeniero Mecánico |
| Término indicativo de función/relación | autor |
| 245 10 - MENCIÓN DEL TÍTULO | |
| Título | Diseño de sistema de calentadores de GLP para mejorar la eficiencia energética de calentamiento de agua, |
| Resto del título | sustituyendo caldera pirotubular que utiliza combustible bunker / |
| Mención de responsabilidad, etc. | Ordóñez Villatoro, Sergio Andrés |
| 264 #1 - PRODUCCIÓN, PUBLICACIÓN, DISTRIBUCIÓN, FABRICACIÓN Y COPYRIGHT | |
| Producción, publicación, distribución, fabricación y copyright | Guatemala, Guatemala : |
| Nombre del de productor, editor, distribuidor, fabricante | USAC, Facultad de Ingeniería ; |
| Fecha de producción, publicación, distribución, fabricación o copyright | 2017.- |
| 300 ## - DESCRIPCIÓN FÍSICA | |
| Extensión | xxvii,53 p. : |
| Otras características físicas | il. ; |
| Dimensiones | 27 cm |
| 336 ## - TIPO DE CONTENIDO | |
| Fuente | rdacontenido |
| Término de tipo de contenido | Texto |
| Código de tipo de contenido | txt |
| 337 ## - TIPO DE MEDIO | |
| Fuente | rdamedio |
| Nombre/término del tipo de medio | sin mediación |
| Código del tipo de medio | n |
| 338 ## - TIPO DE SOPORTE | |
| Fuente | rdasoporte |
| Nombre/término del tipo de soporte | volumen |
| Código del tipo de soporte | nc |
| 502 ## - NOTA DE TESIS | |
| Nota de tesis | Tesis Postgtrado |
| Tipo de título | MAESTRO EN ARTES EN ENERGÍA Y AMBIENTE |
| Nombre de la institución que otorga el título | USAC, Facultad de Ingeniería, Escuela de Postgrado |
| Año de obtención del título | 2017 |
| Identificador de la tesis | TPI-17-0119 |
| 504 ## - NOTA DE BIBLIOGRAFÍA, ETC. | |
| Nota de bibliografía, etc. Nota | Bibliografía pag. 49 |
| 505 ## - NOTA DE CONTENIDO CON FORMATO | |
| Título | 1. MARCO TEÓRICO |
| 505 ## - NOTA DE CONTENIDO CON FORMATO | |
| Título | 2. DESARROLLO DE LA INVESTIGACIÓN (combustibles y precios en Guatemala) |
| 505 ## - NOTA DE CONTENIDO CON FORMATO | |
| Título | 3. PRESENTACIÓN DE RESULTADOS |
| 505 ## - NOTA DE CONTENIDO CON FORMATO | |
| Título | 4. DISCUSIÓN DE RESULTADOS |
| 520 #3 - RESUMEN, ETC. | |
| Sumario, etc. | El proceso de uso de agua caliente sanitaria o ACS es de los más utilizados en las distintas industrias principalmente alimentos y lavado, por lo que anualmente se tienen gastos elevados para poder mantenerlos en operación ya que son de uso diario y de gran volumen, por consecuente de elevada cantidad de combustible para satisfacer la demanda necesaria. En Guatemala en los últimos años ha aumentado el uso de combustibles tanto residencial como industrialmente por lo que en ese período de tiempo el MEM ha estado en constante diálogo con empresas distribuidoras y expendios consumidores y con esto se ha logrado la estabilización de precios según lo solicitado por esta entidad. |
| 650 ## - PUNTO DE ACCESO ADICIONAL DE MATERIA--TÉRMINO DE MATERIA | |
| Término de materia o nombre geográfico como elemento de entrada | INDUSTRIA ENERGÉTICA |
| 650 ## - PUNTO DE ACCESO ADICIONAL DE MATERIA--TÉRMINO DE MATERIA | |
| Término de materia o nombre geográfico como elemento de entrada | CALDERAS |
| 700 ## - ENTRADA AGREGADA--NOMBRE PERSONAL | |
| Nombre de persona | MBA. Carlos Estuardo Ordóñez Villatoro |
| Término indicativo de función/relación | asesor |
| 942 ## - ELEMENTOS DE ENTRADA SECUNDARIOS (KOHA) | |
| Fuente de la clasificación o esquema de estantería | Clasificación Decimal Dewey |
| Tipo de ítem Koha | TESISPOSTGRADO |
| 945 ## - PROCESAMIENTO DE INFORMACIÓN LOCAL (OCLC) | |
| a | amlo |
| Estatus retirado | Estado de pérdida | Fuente de la clasificación o esquema de estantería | Estado de daño | No para préstamo | Biblioteca de origen | Biblioteca actual | Fecha de adquisición | Número de inventario | Total de préstamos | Signatura topográfica completa | Código de barras | Visto por última vez | Precio de reemplazo | Tipo de ítem Koha | Nota pública |
|---|---|---|---|---|---|---|---|---|---|---|---|---|---|---|---|
| Clasificación Decimal Dewey | CENTRO DE INFORMACIÓN A LA CONSTRUCCIÓN-CICON | CENTRO DE INFORMACIÓN A LA CONSTRUCCIÓN-CICON | 14/11/2025 | P20170119 | TPI-17-0119 | 20170119 | 14/11/2025 | 14/11/2025 | TESISPOSTGRADO | disponible |